[Event "DEN-ch (Women)"]
[Site "Svendborg"]
[Date "2015.04.03"]
[Round "4"]
[White "Baliuniene, Margarita"]
[Black "Lund, Henriette"]
[Result "1-0"]
[WhiteElo "1949"]
[BlackElo "1030"]
[PlyCount "89"]
[EventDate "2015.03.31"]
[EventType "swiss"]
[EventRounds "7"]
[EventCountry "DEN"]
[SourceTitle "EXT 2019"]
[Source "ChessBase"]
[SourceDate "2018.10.10"]
[SourceVersion "1"]
[SourceVersionDate "2018.10.10"]
[SourceQuality "1"]

1. d4 Nf6 2. c4 e6 3. Nf3 b6 4. Bg5 Ba6 5. e3 Be7 6. Nbd2 0-0 7. Bd3 d5 8. 0-0 Nbd7 9. Rc1 c5 10. Re1 Re8 11. Ne5 Bb7 12. Ndf3 Ne4 13. Bxe7 Qxe7 14. Nxd7 Qxd7 15. Ne5 Qe7 16. f3 Nf6 17. Qa4 Rec8 18. a3 Rc7 19. b4 Qe8 20. Qxe8+ Nxe8 21. cxd5 Bxd5 22. dxc5 bxc5 23. Rxc5 Rxc5 24. bxc5 Rb8 25. e4 Ba8 26. Rc1 f6 27. Nd7 Rb3 28. Bc4 Rb2 29. Bxe6+ Kh8 30. c6 Nc7 31. Bd5 h6 32. Nf8 g5 33. Ne6 Bxc6 34. Rxc6 Nxe6 35. Rxe6 Rb6 36. Rxb6 axb6 37. Kf2 Kg7 38. Ke3 Kf8 39. Kd4 Ke7 40. e5 fxe5+ 41. Kxe5 Kf8 42. Kf6 Ke8 43. Kg6 Ke7 44. Kxh6 Kd6 45. Bb3 1-0

[Event "DEN-ch Rapid (Women)"]
[Site "Middelfart"]
[Date "2012.09.29"]
[Round "5"]
[White "Lund, Henriette"]
[Black "Nilssen, Ellen Fredericia"]
[Result "0-1"]
[WhiteElo "1000"]
[BlackElo "1196"]
[PlyCount "60"]
[EventDate "2012.09.29"]
[EventType "swiss (rapid)"]
[EventRounds "6"]
[EventCountry "DEN"]
[SourceTitle "EXT 2023"]
[Source "ChessBase"]
[SourceDate "2022.10.05"]
[SourceVersion "1"]
[SourceVersionDate "2022.10.05"]
[SourceQuality "1"]

1. d4 d5 2. c4 e6 3. Nc3 Nf6 4. Bg5 Be7 5. Nf3 h6 6. Bd2 dxc4 7. e3 Nbd7 8. Bxc4 0-0 9. 0-0 b6 10. Be2 Bb7 11. Re1 c5 12. Bd3 Qc7 13. Bc2 cxd4 14. exd4 Rfe8 15. Nb5 Qc6 16. a4 a6 17. Nc3 Bd6 18. Rc1 Qc7 19. Ne4 Nxe4 20. Bxe4 Qb8 21. Bxb7 Qxb7 22. Bc3 Qb8 23. Qd3 e5 24. Qf5 exd4 25. Bxd4 Rxe1+ 26. Rxe1 Nc5 27. g3 Nxa4 28. Ne5 Bxe5 29. Bxe5 Qc8 30. Qg4 Qxg4 0-1